North Carolina Superlatives - Statistics

General Stats
  • This quiz has been taken 31 times
  • The average score is 6 of 13
Answer Stats
Hint Answer % Correct
Largest City Charlotte
93%
Busiest Airport Charlotte Douglas International Airport
89%
Highest Point Mount Mitchell
85%
Largest four-year college or university (by total enrollment) North Carolina State University
63%
Largest County (Population) Wake
59%
All-Time Highest Recorded Temperature (°F) 110°F (Fayetteville)
52%
Oldest continuously inhabited settlement Bath
37%
Longest River Roanoke
33%
All-Time Lowest Recorded Temperature (°F) -34°F (Burnsville)
22%
Largest Island Hatteras Island
22%
Largest County (Area) Dare (total) / Robeson (land)
19%
Largest Man-Made Lake Kerr Lake
19%
Largest Natural Lake Lake Mattamuskeet
15%
No matching quizzes found
Score Distribution
Percent of People with Each Score
Percentile by Number Answered
Your Score History
You have not taken this quiz